|
|
|
|
| LEADER |
00000nam a2200000 4500 |
| 001 |
vtls012289222 |
| 003 |
SK-MaSNL |
| 005 |
20260301110517.0 |
| 008 |
260107s2024 xo fsnp 000 0 eng |
| 020 |
|
|
|a 9788055346564
|q (elektronická kniha)
|
| 040 |
|
|
|a SNK
|b slo
|c SNK
|e rda
|
| 041 |
0 |
|
|a eng
|
| 044 |
|
|
|a xo
|c SK
|
| 072 |
|
7 |
|2 konspekt
|
| 080 |
|
|
|2 2011
|
| 100 |
1 |
|
|a Kováč, Dobroslav,
|d 1961-
|4 aut
|9 153197
|
| 245 |
1 |
0 |
|a Theory and standards of electromagnetic compatibility
|c Dobroslav Kováč
|
| 250 |
|
|
|a Vydanie prvé
|
| 264 |
|
1 |
|a Košice
|b Technická univerzita v Košiciach
|c 2024
|
| 300 |
|
|
|a 1 CD-ROM
|c 12 cm
|
| 336 |
|
|
|a text
|b txt
|2 rdacontent
|
| 337 |
|
|
|a počítač
|b c
|2 rdamedia
|
| 338 |
|
|
|a počítačový súbor
|b cd
|2 rdacarrier
|
| 347 |
|
|
|a textový súbor
|b PDF
|2 rda
|
| 366 |
|
|
|e 100 kusov
|
| 655 |
|
7 |
|a CD-ROM
|2 SNKPH
|9 70236
|
| 852 |
|
|
|a Slovenská národná knižnica
|
| 919 |
|
|
|a 978-80-553-4656-4
|
| 999 |
|
|
|c 703333
|d 705263
|
| 952 |
|
|
|a SNK
|b SNK
|y NEVYP
|7 1
|p 17A1583029
|o snkSCDM 14027
|i snk2026/20
|8 0
|0 0
|1 0
|4 0
|d 2026-01-07
|l 0
|r 2026-02-23 21:05:47
|w 2026-02-23
|